000 01209nam a2200217Ia 4500
003 Ost
005 20260507075032.0
008 260507s9999||||xx |||||||||||||| ||und||
020 _a6574009957
040 _cfsecg
041 _aara
082 _a330
100 _aالزبيدي، حمزة محمود
_eمؤلف
245 0 _aأساسيات الإدارة المالية /
_c حمزة محمود الزبيدي
260 _aعمان:
_bالوراق للنشر والتوزيع,
_c2006
300 _a370 صفحة؛
_bإيضاحات ؛
_c24 سم
520 _aالإدارة المالية نظرة في المضمون العام- أهداف الإدارة المالية- وظائف الإدارة المالية- التحليل المالي- التخطيط والرقابة المالية-إدارة رأس المال العامل- الإدارة النقدية والإستثمارية القصيرة الأجل- إدارة الحسابات المدينة- إدارة الموجودات الثابتة- إدارة التمويل- التمويل القصير الاجل- التمويل طويل الأجل
653 _aالإدارة
653 _aالإدارة المالية
942 _cكتاب
999 _c42416
_d42416